00410 2200157 4500001002100000005001500021035002000036245006300056100002000119300002600139260003500165082000800200084001400208020001800222990001200240INLIS00000000000303920250919072342 a0010-09250003861 aMove On ! :bSebab Kecewa Berarti Kalah /cEllita Duatnofa0 aEllita Duatnofa a136 hlm ;c13 x 19 cm aJakarta :bQultum Media,c2013 a813 a813 ELL m a979-017-268-0 a0755596